Gaming Quiz

Random Gaming or Pokémon Quiz

Kanto Region Pokemon (In Order) Quiz Stats

 Plays Quiz not verified by Sporcle

Score 0/151 Timer 15:00
0 Plays Today
Dex # Pokemon Name % Correct
#001Bulbasaur
100%
#002Ivysaur
96.6%
#003Venusaur
96.6%
#004Charmander
96.6%
#005Charmeleon
96.6%
#006Charizard
96.6%
#007Squirtle
96.6%
#008Wartortle
96.6%
#009Blastoise
96.6%
#010Caterpie
96.6%
#011Metapod
96.6%
#012Butterfree
96.6%
#013Weedle
96.6%
#014Kakuna
96.6%
#015Beedrill
96.6%
#016Pidgey
96.6%
#017Pidgeotto
96.6%
#018Pidgeot
96.6%
#019Rattata
96.6%
#020Raticate
96.6%
#021Spearow
96.6%
#022Fearow
96.6%
#025Pikachu
96.6%
#026Raichu
96.6%
#023Ekans
93.1%
#024Arbok
93.1%
#027Sandshrew
93.1%
#028Sandslash
93.1%
#029Nidoran
93.1%
#030Nidorina
93.1%
#031Nidoqueen
93.1%
#032Nidoran
93.1%
#033Nidorino
93.1%
#034Nidoking
93.1%
#035Clefairy
93.1%
#036Clefable
93.1%
#037Vulpix
93.1%
#038Ninetales
93.1%
#039Jigglypuff
89.7%
#040Wigglytuff
89.7%
#041Zubat
89.7%
#042Golbat
89.7%
#043Oddish
89.7%
#044Gloom
89.7%
#045Vileplume
89.7%
#046Paras
89.7%
#047Parasect
89.7%
#048Venonat
89.7%
#049Venomoth
89.7%
#050Diglett
89.7%
#051Dugtrio
89.7%
Dex # Pokemon Name % Correct
#052Meowth
86.2%
#054Psyduck
86.2%
#053Persian
86.2%
#055Golduck
86.2%
#056Mankey
82.8%
#057Primeape
82.8%
#058Growlithe
79.3%
#059Arcanine
79.3%
#060Poliwag
72.4%
#061Poliwhirl
72.4%
#062Poliwrath
72.4%
#063Abra
69%
#064Kadabra
69%
#065Alakazam
69%
#066Machop
69%
#067Machoke
69%
#068Machamp
69%
#069Bellsprout
69%
#070Weepinbell
69%
#071Victreebel
69%
#072Tentacool
65.5%
#073Tentacruel
65.5%
#074Geodude
65.5%
#075Graveler
65.5%
#076Golem
65.5%
#077Ponyta
65.5%
#078Rapidash
65.5%
#081Magnemite
65.5%
#082Magneton
65.5%
#079Slowpoke
62.1%
#080Slowbro
62.1%
#083Farfetch'd
62.1%
#084Doduo
62.1%
#085Dodrio
62.1%
#086Seel
62.1%
#087Dewgong
62.1%
#088Grimer
62.1%
#089Muk
62.1%
#090Shellder
62.1%
#091Cloyster
62.1%
#092Gastly
62.1%
#093Haunter
62.1%
#094Gengar
62.1%
#095Onix
55.2%
#096Drowzee
55.2%
#097Hypno
55.2%
#098Krabby
55.2%
#099Kingler
55.2%
#100Voltorb
55.2%
#101Electrode
55.2%
#104Cubone
51.7%
Dex # Pokemon Name % Correct
#105Marowak
51.7%
#102Exeggcute
48.3%
#103Exeggutor
48.3%
#106Hitmonlee
48.3%
#107Hitmonchan
48.3%
#108Lickitung
44.8%
#109Koffing
44.8%
#142Aerodactyl
44.8%
#143Snorlax
44.8%
#144Articuno
44.8%
#145Zapdos
44.8%
#146Moltres
44.8%
#147Dratini
44.8%
#148Dragonair
44.8%
#149Dragonite
44.8%
#150Mewtwo
44.8%
#151Mew
44.8%
#110Weezing
41.4%
#111Rhyhorn
41.4%
#112Rhydon
41.4%
#113Chansey
41.4%
#114Tangela
41.4%
#115Kangaskhan
41.4%
#116Horsea
41.4%
#117Seadra
41.4%
#119Seaking
41.4%
#118Goldeen
41.4%
#120Staryu
41.4%
#121Starmie
41.4%
#132Ditto
41.4%
#133Eevee
41.4%
#134Vaporeon
41.4%
#135Jolteon
41.4%
#136Flareon
41.4%
#137Porygon
41.4%
#138Omanyte
41.4%
#139Omastar
41.4%
#140Kabuto
41.4%
#141Kabutops
41.4%
#122Mr. Mime
37.9%
#123Scyther
37.9%
#124Jynx
37.9%
#125Electabuzz
37.9%
#126Magmar
37.9%
#127Pinsir
37.9%
#128Tauros
37.9%
#129Magikarp
37.9%
#130Gyarados
37.9%
#131Lapras
37.9%

You're not logged in!

Compare scores with friends on all Sporcle quizzes.
OR
Log In

Sporcle TV

Today on Sporcle TV


Watch our educational content, quiz creation guides, and fun videos on Sporcle TV.

Show Comments

Extras

Created Jul 25, 2016ReportNominate
Tags:Pokémon Quiz, 151, Dex, kanto, region

Top Quizzes Today


Score Distribution

Your Account Isn't Verified!

In order to create a playlist on Sporcle, you need to verify the email address you used during registration. Go to your Sporcle Settings to finish the process.

Report this User

Report this user for behavior that violates our Community Guidelines.

Details: